Tender is the night / (Record no. 592053)

000 -LEADER
fixed length control field 01439cam a2200385 a 4500
001 - CONTROL NUMBER
control field 14233881
003 - CONTROL NUMBER IDENTIFIER
control field NUST
005 - DATE AND TIME OF LATEST TRANSACTION
control field 20221027125634.0
008 - FIXED-LENGTH DATA ELEMENTS--GENERAL INFORMATION
fixed length control field 060118s2006 nyu b 001 0 eng
010 ## - LIBRARY OF CONGRESS CONTROL NUMBER
LC control number 2006001775
020 ## - INTERNATIONAL STANDARD BOOK NUMBER
International Standard Book Number 0791085708
020 ## - INTERNATIONAL STANDARD BOOK NUMBER
International Standard Book Number 1853260975
035 ## - SYSTEM CONTROL NUMBER
System control number (OCoLC)ocm63122840
040 ## - CATALOGING SOURCE
Original cataloging agency DLC
Transcribing agency DLC
Modifying agency BAKER
-- C#P
-- GK8
-- YDX
-- DLC
050 00 - LIBRARY OF CONGRESS CALL NUMBER
Classification number PS3511.I9
Item number Z6137 2006
082 00 - DEWEY DECIMAL CLASSIFICATION NUMBER
Classification number 813.52
Author Mark FIT
100 ## - MAIN ENTRY--PERSONAL NAME
Personal name Fitzgerald, Francis Scott
9 (RLIN) 101498
245 00 - TITLE STATEMENT
Title Tender is the night /
Statement of responsibility, etc. by Francis Scott Fitzgerald edited Goldman, Arnold; West, James L. W.,.
250 ## - EDITION STATEMENT
Edition statement Updated ed.
260 ## - PUBLICATION, DISTRIBUTION, ETC.
Place of publication, distribution, etc. New York :
Name of publisher, distributor, etc. Chelsea House Publishers,
Date of publication, distribution, etc. 1995.
300 ## - PHYSICAL DESCRIPTION
Extent viii, 288 p. ;
Dimensions 25 cm.
504 ## - BIBLIOGRAPHY, ETC. NOTE
Bibliography, etc. note Includes bibliographical references (p. 245-248) and index.
600 10 - SUBJECT ADDED ENTRY--PERSONAL NAME
Personal name Fitzgerald, F. Scott
Fuller form of name (Francis Scott),
Dates associated with a name 1896-1940
General subdivision Criticism and interpretation.
9 (RLIN) 101499
650 ## - SUBJECT ADDED ENTRY--TOPICAL TERM
Topical term or geographic name entry element France--Riviera
9 (RLIN) 101500
650 ## - SUBJECT ADDED ENTRY--TOPICAL TERM
Topical term or geographic name entry element Wealth--Moral and ethical aspects
9 (RLIN) 101501
650 ## - SUBJECT ADDED ENTRY--TOPICAL TERM
Topical term or geographic name entry element Psychiatrists
9 (RLIN) 101502
650 ## - SUBJECT ADDED ENTRY--TOPICAL TERM
Topical term or geographic name entry element Psychological fiction
9 (RLIN) 101503
650 ## - SUBJECT ADDED ENTRY--TOPICAL TERM
Topical term or geographic name entry element Romance fiction
9 (RLIN) 11922
650 ## - SUBJECT ADDED ENTRY--TOPICAL TERM
Topical term or geographic name entry element American fiction
9 (RLIN) 101504
650 ## - SUBJECT ADDED ENTRY--TOPICAL TERM
Topical term or geographic name entry element Marriage
650 ## - SUBJECT ADDED ENTRY--TOPICAL TERM
Topical term or geographic name entry element Man-woman relationships
9 (RLIN) 10188
906 ## - LOCAL DATA ELEMENT F, LDF (RLIN)
a 7
b cbc
c orignew
d 1
e ecip
f 20
g y-gencatlg
942 ## - ADDED ENTRY ELEMENTS (KOHA)
Source of classification or shelving scheme
Koha item type Book
Holdings
Withdrawn status Lost status Source of classification or shelving scheme Damaged status Not for loan Permanent Location Current Location Shelving location Date acquired Total Checkouts Total Renewals Full call number Barcode Date last seen Date last checked out Price effective from Koha item type
          Central Library (CL) Central Library (CL) Fiction 10/27/2022 3 2 813.52 FIT CL3484 09/10/2025 05/30/2025 10/27/2022 Book
© 2023 Central Library, National University of Sciences and Technology. All Rights Reserved.